[Event "DEM U10w 2018"]
[Site "Willingen GER"]
[Date "2018.05.24"]
[Round "8"]
[White "Pröttel, Ela"]
[Black "Khanbekyan, Nare"]
[Result "1-0"]
[Termination "normal"]
[Board "8"]
[WhiteElo "1125"]
[BlackElo "1123"]
[WhiteClock "00:02:59"]
[BlackClock "00:09:57"]
[PlyCount "177"]
[WhiteFideId "44582749"]
[BlackFideId "16270916"]
[EventCountry "GER"]
[EventRounds "11"]
[EventType "swiss"]
[EventDate "2018.05.19"]

1. d4 1... Nf6 {[%clk 1:15:48]} 2. Bf4 {[%clk 1:16:19]} 2... e6 {[%clk 1:15:57]
} 3. e3 {[%clk 1:16:00]} 3... b6 {[%clk 1:15:39]} 4. Nf3 {[%clk 1:15:50]} 4...
Bb7 {[%clk 1:15:13]} 5. Bd3 {[%clk 1:15:48]} 5... d5 {[%clk 1:15:01]} 6. Nc3 {
[%clk 1:15:14]} 6... Bb4 {[%clk 1:14:29]} 7. Qd2 {[%clk 1:14:44]} 7... O-O {
[%clk 1:14:24]} 8. O-O {[%clk 1:14:26]} 8... Nbd7 {[%clk 1:14:37]} 9. a3 {
[%clk 1:12:25]} 9... Be7 {[%clk 1:11:44]} 10. Rfe1 {[%clk 1:02:59]} 10... c5 {
[%clk 1:03:24]} 11. h3 {[%clk 0:38:54]} 11... Rc8 {[%clk 0:56:49]} 12. Na2 {
[%clk 0:34:37]} 12... c4 {[%clk 0:50:59]} 13. Bf1 {[%clk 0:34:07]} 13... Ne4 {
[%clk 0:49:13]} 14. Qd1 {[%clk 0:31:47]} 14... Re8 {[%clk 0:38:55]} 15. Nc3 {
[%clk 0:31:00]} 15... Ndf6 {[%clk 0:37:20]} 16. Nd2 {[%clk 0:19:46]} 16... Nxc3
{[%clk 0:34:14]} 17. bxc3 {[%clk 0:19:48]} 17... b5 {[%clk 0:28:32]} 18. Qb1 {
[%clk 0:12:02]} 18... a6 {[%clk 0:26:00]} 19. Qb2 {[%clk 0:10:00]} 19... Bc6 {
[%clk 0:24:00]} 20. Reb1 {[%clk 0:05:20]} 20... Nh5 {[%clk 0:21:32]} 21. Bh2
21... Bh4 {[%clk 0:20:14]} 22. Nf3 {[%clk 0:01:00]} 22... Be7 {[%clk 0:18:03]}
23. g3 {[%clk 0:00:42]} 23... f5 {[%clk 0:17:36]} 24. Bg2 {[%clk 0:00:34]}
24... g5 {[%clk 0:17:34]} 25. Ne5 {[%clk 0:00:36]} 25... Bb7 {[%clk 0:16:46]}
26. f3 {[%clk 0:00:44]} 26... Ng7 {[%clk 0:15:56]} 27. Rf1 {[%clk 0:00:54]}
27... Bf6 {[%clk 0:14:30]} 28. f4 {[%clk 0:00:56]} 28... gxf4 {[%clk 0:14:34]}
29. exf4 {[%clk 0:01:14]} 29... h5 {[%clk 0:13:31]} 30. h4 {[%clk 0:01:09]}
30... Bxe5 {[%clk 0:11:35]} 31. dxe5 {[%clk 0:01:18]} 31... Kh7 {[%clk 0:10:06]
} 32. Rad1 {[%clk 0:01:28]} 32... Rg8 {[%clk 0:08:19]} 33. Kh1 {[%clk 0:01:23]}
33... Ne8 {[%clk 0:06:34]} 34. Qc1 {[%clk 0:01:31]} 34... Nc7 {[%clk 0:06:55]}
35. Qe3 {[%clk 0:01:39]} 35... a5 {[%clk 0:05:40]} 36. Rb1 {[%clk 0:01:44]}
36... Bc6 {[%clk 0:04:51]} 37. Rfd1 {[%clk 0:01:33]} 37... Na6 {[%clk 0:04:08]}
38. Bg1 {[%clk 0:01:22]} 38... Qe7 {[%clk 0:03:27]} 39. Ra1 {[%clk 0:01:11]}
39... Bd7 {[%clk 0:02:58]} 40. Qe2 {[%clk 0:00:59]} 40... Nc5 {[%clk 0:02:40]}
41. Qxh5+ {[%clk 0:00:55]} 41... Kg7 {[%clk 0:02:30]} 42. Qg5+ {[%clk 0:01:00]}
42... Kf8 {[%clk 0:02:38]} 43. Qxe7+ {[%clk 0:00:40]} 43... Kxe7 { [%clk
0:03:01]} 44. Bxc5+ {[%clk 0:15:17]} 44... Rxc5 {[%clk 0:18:23]} 45. Kg1 {[%clk
0:15:11]} 45... Rxg3 {[%clk 0:18:12]} 46. h5 {[%clk 0:14:14]} 46... Rxc3 {[%clk
0:18:03]} 47. Ra2 {[%clk 0:12:32]} 47... Rg3 {[%clk 0:17:48]} 48. Kf2 { [%clk
0:12:42]} 48... Rg8 {[%clk 0:17:57]} 49. Rh1 {[%clk 0:11:18]} 49... Rh8 { [%clk
0:18:11]} 50. Raa1 {[%clk 0:10:35]} 50... Rcc8 {[%clk 0:17:31]} 51. h6 { [%clk
0:09:54]} 51... Rh7 52. Rh3 {[%clk 0:08:01]} 52... Rch8 {[%clk 0:17:29]} 53.
Rah1 {[%clk 0:08:08]} 53... b4 {[%clk 0:16:06]} 54. axb4 {[%clk 0:07:19]} 54...
axb4 {[%clk 0:16:23]} 55. Ke1 {[%clk 0:05:39]} 55... Rb8 {[%clk 0:16:00]} 56.
Bf3 {[%clk 0:05:04]} 56... Be8 {[%clk 0:15:57]} 57. Rg1 {[%clk 0:01:39]} 57...
Kf8 {[%clk 0:15:00]} 58. Ke2 {[%clk 0:00:42]} 58... b3 {[%clk 0:14:30]} 59.
cxb3 {[%clk 0:00:34]} 59... cxb3 {[%clk 0:14:39]} 60. Kd2 {[%clk 0:00:44]}
60... Ba4 {[%clk 0:13:36]} 61. Kc1 {[%clk 0:00:39]} 61... Rc7+ {[%clk 0:12:58]}
62. Kb1 {[%clk 0:00:36]} 62... b2 {[%clk 0:12:50]} 63. Rh2 {[%clk 0:00:47]}
63... Bc2+ {[%clk 0:11:41]} 64. Rxc2 {[%clk 0:00:36]} 64... Rxc2 { [%clk
0:12:04]} 65. Kxc2 {[%clk 0:00:55]} 65... b1=Q+ {[%clk 0:12:03]} 66. Rxb1
{[%clk 0:01:16]} 66... Rxb1 {[%clk 0:12:23]} 67. Kxb1 {[%clk 0:01:40]} 67...
Kg8 {[%clk 0:12:48]} 68. Bxd5 {[%clk 0:01:02]} 68... Kh7 {[%clk 0:09:29]} 69.
Bxe6 {[%clk 0:01:07]} 69... Kxh6 {[%clk 0:09:51]} 70. Bxf5 {[%clk 0:01:12]}
70... Kg7 {[%clk 0:10:14]} 71. Bh3 {[%clk 0:01:14]} 71... Kf7 {[%clk 0:10:09]}
72. f5 {[%clk 0:01:23]} 72... Ke7 {[%clk 0:10:18]} 73. f6+ {[%clk 0:01:37]}
73... Kf7 {[%clk 0:10:41]} 74. Bf5 {[%clk 0:01:26]} 74... Kg8 {[%clk 0:10:40]}
75. e6 {[%clk 0:01:30]} 75... Kf8 {[%clk 0:10:20]} 76. e7+ {[%clk 0:01:31]}
76... Ke8 {[%clk 0:10:08]} 77. Kc2 {[%clk 0:01:16]} 77... Kf7 {[%clk 0:09:01]}
78. Kd3 {[%clk 0:01:35]} 78... Ke8 {[%clk 0:09:09]} 79. Ke4 {[%clk 0:01:50]}
79... Kf7 {[%clk 0:09:24]} 80. Ke5 {[%clk 0:01:56]} 80... Ke8 {[%clk 0:09:31]}
81. Bg6+ {[%clk 0:02:17]} 81... Kd7 {[%clk 0:09:10]} 82. e8=Q+ {[%clk 0:02:36]}
82... Kc7 {[%clk 0:09:30]} 83. Qe7+ {[%clk 0:02:37]} 83... Kc6 {[%clk 0:09:50]}
84. Qd6+ {[%clk 0:02:50]} 84... Kb5 {[%clk 0:09:57]} 85. Bd3+ {[%clk 0:02:59]}
85... Ka4 86. Qb6 Ka3 87. Bc2 Ka2 88. Qb3+ Ka1 89. Qb1# 1-0

[Event "DEM U10w 2018"]
[Site "Willingen GER"]
[Date "2018.05.24"]
[Round "8"]
[White "Sickmann, Lisa"]
[Black "Praus, Pia-Rosa"]
[Result "1-0"]
[Termination "normal"]
[Board "9"]
[WhiteElo "1119"]
[BlackElo "1055"]
[WhiteClock "01:20:08"]
[BlackClock "00:26:59"]
[PlyCount "109"]
[WhiteFideId "16267818"]
[BlackFideId "16271815"]
[EventCountry "GER"]
[EventRounds "11"]
[EventType "swiss"]
[EventDate "2018.05.19"]

1. e4 {[%clk 1:15:56]} 1... d6 {[%clk 1:15:32]} 2. d4 {[%clk 1:16:09]} 2... g6
{[%clk 1:15:00]} 3. Nc3 {[%clk 1:16:14]} 3... Bg7 {[%clk 1:14:02]} 4. Nf3 {
[%clk 1:16:15]} 4... Nf6 {[%clk 1:13:40]} 5. Bc4 {[%clk 1:16:15]} 5... O-O {
[%clk 1:13:30]} 6. Bf4 {[%clk 1:16:18]} 6... c6 {[%clk 1:08:00]} 7. O-O { [%clk
1:16:24]} 7... Nbd7 {[%clk 1:04:14]} 8. Re1 {[%clk 1:16:01]} 8... b5 { [%clk
0:58:59]} 9. Bb3 {[%clk 1:16:12]} 9... Bb7 {[%clk 0:55:56]} 10. a3 { [%clk
1:15:17]} 10... a6 {[%clk 0:51:30]} 11. Ba2 {[%clk 1:14:58]} 11... Nb6 { [%clk
0:48:32]} 12. Qd2 {[%clk 1:14:30]} 12... Rc8 {[%clk 0:46:00]} 13. b4 { [%clk
1:12:51]} 13... c5 {[%clk 0:41:57]} 14. d5 {[%clk 1:12:21]} 14... c4 { [%clk
0:38:59]} 15. Bh6 {[%clk 1:11:56]} 15... e6 {[%clk 0:37:56]} 16. Bxg7 { [%clk
1:12:00]} 16... Kxg7 {[%clk 0:38:08]} 17. dxe6 {[%clk 1:11:19]} 17... fxe6
{[%clk 0:38:22]} 18. e5 {[%clk 1:11:32]} 18... dxe5 {[%clk 0:37:47]} 19. Qxd8
{[%clk 1:11:25]} 19... Rcxd8 {[%clk 0:37:23]} 20. Nxe5 {[%clk 1:11:16]} 20...
Rde8 {[%clk 0:34:31]} 21. Rad1 {[%clk 1:11:04]} 21... Rd8 {[%clk 0:28:49] } 22.
Ne2 {[%clk 1:10:14]} 22... Rd5 {[%clk 0:26:30]} 23. Nf4 {[%clk 1:10:23]} 23...
Rxd1 {[%clk 0:26:03]} 24. Rxd1 {[%clk 1:10:40]} 24... Re8 {[%clk 0:23:44] } 25.
Rd6 {[%clk 1:10:45]} 25... Nc8 {[%clk 0:22:41]} 26. Rxe6 {[%clk 1:10:45]} 26...
Rxe6 {[%clk 0:22:21]} 27. Nxe6+ {[%clk 1:11:04]} 27... Kg8 { [%clk 0:22:23]}
28. f3 {[%clk 1:11:20]} 28... Bd5 {[%clk 0:21:53]} 29. Nf4 { [%clk 1:11:18]}
29... Bf7 {[%clk 0:22:13]} 30. Nxf7 {[%clk 1:11:41]} 30... Kxf7 {[%clk
0:22:37]} 31. c3 {[%clk 1:11:47]} 31... Nd6 {[%clk 0:22:46]} 32. Bb1 { [%clk
1:11:55]} 32... h5 {[%clk 0:22:35]} 33. Bxg6+ {[%clk 1:12:04]} 33... Ke7 {[%clk
0:22:51]} 34. Nxh5 {[%clk 1:12:22]} 34... Nxh5 {[%clk 0:23:07]} 35. Bxh5 {[%clk
1:12:44]} 35... Kf6 {[%clk 0:23:24]} 36. Bg4 {[%clk 1:13:05]} 36... Kg5 {[%clk
0:23:37]} 37. Kf2 {[%clk 1:13:29]} 37... Kg6 {[%clk 0:23:35]} 38. Ke3 { [%clk
1:13:48]} 38... Kg5 {[%clk 0:23:14]} 39. g3 {[%clk 1:14:11]} 39... Kg6 { [%clk
0:23:35]} 40. Kd4 {[%clk 1:14:35]} 40... Kg5 {[%clk 0:22:57]} 41. Kc5 { [%clk
1:14:58]} 41... Nf5 {[%clk 0:23:10]} 42. Bxf5 {[%clk 1:15:22]} 42... Kxf5
{[%clk 0:23:31]} 43. h4 {[%clk 1:15:44]} 43... Kg6 {[%clk 0:23:58]} 44. g4 {
[%clk 1:16:08]} 44... Kf6 {[%clk 0:24:23]} 45. f4 {[%clk 1:16:27]} 45... Kg6 {
[%clk 0:24:44]} 46. f5+ {[%clk 1:16:52]} 46... Kf6 {[%clk 0:24:42]} 47. Kd6 {
[%clk 1:17:17]} 47... Kg7 {[%clk 0:25:05]} 48. g5 {[%clk 1:17:42]} 48... Kf7 {
[%clk 0:25:11]} 49. h5 {[%clk 1:18:02]} 49... Kg7 {[%clk 0:25:34]} 50. f6+ {
[%clk 1:18:27]} 50... Kf7 {[%clk 0:25:55]} 51. Kd7 {[%clk 1:18:44]} 51... Kg8 {
[%clk 0:26:17]} 52. g6 {[%clk 1:19:06]} 52... Kh8 {[%clk 0:26:35]} 53. f7 {
[%clk 1:19:19]} 53... Kg7 {[%clk 0:26:57]} 54. h6+ {[%clk 1:19:46]} 54... Kf8 {
[%clk 0:26:59]} 55. h7 {[%clk 1:20:08]} 1-0

[Event "DEM U10w 2018"]
[Site "Willingen GER"]
[Date "2018.05.24"]
[Round "8"]
[White "Loos, Tilda"]
[Black "Bako, Evelin"]
[Result "0-1"]
[Termination "normal"]
[Board "10"]
[WhiteElo "1091"]
[BlackElo "971"]
[PlyCount "103"]
[WhiteFideId "34620559"]
[BlackFideId "16271823"]
[EventCountry "GER"]
[EventRounds "11"]
[EventType "swiss"]
[EventDate "2018.05.19"]

1. e4 e5 2. Nf3 Nf6 3. Nxe5 d6 4. Nf3 Nxe4 5. Qe2 Qe7 6. Nc3 Nxc3 7. Qxe7+ Bxe7
8. bxc3 Be6 9. g3 Nc6 10. Bg2 O-O 11. O-O Bf5 12. d3 Bf6 13. c4 Bxa1 14. Bg5
Bc3 15. h3 f6 16. Bf4 Nb4 17. g4 Bd7 18. a3 Nxc2 19. Rc1 Ba4 20. h4 Bb2 21. Rb1
Bxa3 22. Rxb7 Rfc8 23. Bh3 Nb4 24. g5 Bc6 25. Bxc8 Bxb7 26. Bxb7 Rb8 27. Be4 g6
28. gxf6 Rf8 29. Bg5 c6 30. d4 d5 31. cxd5 cxd5 32. Bb1 Bb2 33. Kg2 a5 34. Bd2
Ra8 35. Bxb4 a4 36. Ne5 Bxd4 37. f7+ Kg7 38. Nc6 Kxf7 39. Nxd4 a3 40. Ba2 Ra4
41. Bc3 Ke7 42. Bxd5 a2 43. Bxa2 Rxa2 44. Kg3 Kd6 45. f4 Kd5 46. Nf3 Ra3 47.
Bg7 Ke4 48. Kg4 Rxf3 49. Bh6 Rf1 50. Kg3 Rg1+ 51. Kh3 Kf3 52. Bg5 0-1

[Event "DEM U10w 2018"]
[Site "Willingen GER"]
[Date "2018.05.24"]
[Round "8"]
[White "Schwenke, Mia"]
[Black "Bangiev, Katharina"]
[Result "1-0"]
[Termination "normal"]
[Board "11"]
[WhiteElo "1062"]
[BlackElo "1009"]
[PlyCount "53"]
[WhiteFideId "16263332"]
[BlackFideId "16267230"]
[EventCountry "GER"]
[EventRounds "11"]
[EventType "swiss"]
[EventDate "2018.05.19"]

1. e4 e5 2. Nf3 Nc6 3. Bc4 Bc5 4. c3 Bb6 5. d4 Qe7 6. d5 Nb8 7. O-O Nf6 8. Nbd2
d6 9. Bb5+ c6 10. dxc6 bxc6 11. Ba4 O-O 12. b3 d5 13. Re1 d4 14. cxd4 exd4 15.
e5 Nd5 16. Qc2 Bd7 17. Re4 c5 18. Rh4 h6 19. Qe4 Nc7 20. Nc4 Re8 21. Bg5 Qe6
22. Bxd7 Nxd7 23. Bxh6 gxh6 24. Rg4+ Kf8 25. Nd6 Red8 26. Qh7 Qxg4 27. Qxf7#
1-0

[Event "DEM U10w 2018"]
[Site "Willingen GER"]
[Date "2018.05.24"]
[Round "8"]
[White "Scherer, Pia"]
[Black "Czäczine, Laura"]
[Result "0-1"]
[Termination "normal"]
[Board "12"]
[WhiteElo "740"]
[BlackElo "1171"]
[PlyCount "62"]
[BlackFideId "16211448"]
[EventCountry "GER"]
[EventRounds "11"]
[EventType "swiss"]
[EventDate "2018.05.19"]

1. e4 e5 2. Nf3 Nc6 3. Nc3 Nf6 4. Bb5 Bb4 5. a3 Ba5 6. d3 d6 7. Bg5 Bd7 8. O-O
Bxc3 9. bxc3 O-O 10. d4 Re8 11. d5 Nb8 12. Bxd7 Nbxd7 13. Nh4 Nc5 14. f4 Ncxe4
15. Qe1 Qd7 16. fxe5 Rxe5 17. Bxf6 Nxf6 18. Qg3 Nh5 19. Qd3 Rg5 20. Rf2 Re8 21.
Nf5 Re5 22. Nh4 Rxd5 23. Qe3 Rde5 24. Qf3 Qe6 25. Raf1 Nf6 26. Qxb7 h6 27. Rb1
Re3 28. Qa8+ Kh7 29. Rb8 Re1+ 30. Rf1 Qe3+ 31. Kh1 Rxf1# 0-1

[Event "DEM U10w 2018"]
[Site "Willingen GER"]
[Date "2018.05.24"]
[Round "8"]
[White "Schupfer, Victoria"]
[Black "Trunz, Tamila"]
[Result "0-1"]
[Termination "normal"]
[Board "13"]
[WhiteElo "958"]
[BlackElo "1046"]
[PlyCount "130"]
[BlackFideId "16267885"]
[EventCountry "GER"]
[EventRounds "11"]
[EventType "swiss"]
[EventDate "2018.05.19"]

1. e4 e5 2. Nf3 Nc6 3. Bc4 Bc5 4. d3 d6 5. Nc3 Bg4 6. h3 Bh5 7. Be3 Bxe3 8.
fxe3 Nf6 9. O-O O-O 10. a3 Ne7 11. Qd2 c6 12. Nh4 d5 13. exd5 cxd5 14. Ba2 d4
15. Ne2 Rc8 16. Ng3 dxe3 17. Qxe3 Qd4 18. Qxd4 exd4 19. c4 dxc3 20. bxc3 Bg6
21. Ngf5 Nxf5 22. Nxf5 Bxf5 23. Rxf5 Rxc3 24. Rf3 Rfc8 25. Bc4 a6 26. a4 Rc2
27. Rb1 Rc7 28. Rf4 Ne8 29. Rd4 Kf8 30. Re1 Re7 31. Rxe7 Kxe7 32. Bb3 Rc5 33.
Re4+ Kf8 34. d4 Rc1+ 35. Kh2 Nd6 36. Re5 Rb1 37. Bc2 Rb2 38. Rd5 Rxc2 39. Rxd6
Ke7 40. Rd5 b6 41. Re5+ Kd6 42. Rf5 f6 43. a5 b5 44. Kg1 Ra2 45. Kf1 Rxa5 46.
g4 Ra4 47. d5 Rd4 48. g5 fxg5 49. Rxg5 g6 50. Ke2 Rxd5 51. Rxd5+ Kxd5 52. Kd3
b4 53. Kc2 a5 54. Kb3 g5 55. Ka4 h5 56. Kxa5 b3 57. Kb4 b2 58. Kc3 b1=Q 59. Kd2
Qb3 60. Ke2 Kd4 61. Kf2 Ke4 62. Kg2 Kf4 63. h4 Qg3+ 64. Kh1 Kf3 65. hxg5 Qg2#
0-1

[Event "DEM U10w 2018"]
[Site "Willingen GER"]
[Date "2018.05.24"]
[Round "8"]
[White "Bone, Annalena"]
[Black "Scheerer, Amelie"]
[Result "1-0"]
[Termination "normal"]
[Board "14"]
[WhiteElo "990"]
[BlackElo "957"]
[PlyCount "45"]
[WhiteFideId "16284453"]
[BlackFideId "16275772"]
[EventCountry "GER"]
[EventRounds "11"]
[EventType "swiss"]
[EventDate "2018.05.19"]

1. e4 e5 2. Nf3 Nc6 3. Bc4 Bc5 4. c3 Nf6 5. d4 exd4 6. cxd4 Bb4+ 7. Nc3 Nxe4 8.
O-O Bxc3 9. d5 Na5 10. Bd3 Bf6 11. Bxe4 O-O 12. Bd2 b6 13. Rb1 Ba6 14. Re1 Re8
15. d6 c6 16. Qc2 g6 17. Bh6 Be5 18. Bg5 f6 19. Bh6 f5 20. Nxe5 Rxe5 21. Qc3
Qe8 22. Bd5+ cxd5 23. Rxe5 1-0

[Event "DEM U10w 2018"]
[Site "Willingen GER"]
[Date "2018.05.24"]
[Round "8"]
[White "Petrosyan, Ani"]
[Black "Heuberger, Sandra"]
[Result "0-1"]
[Termination "normal"]
[Board "15"]
[WhiteElo "1331"]
[BlackElo "1132"]
[PlyCount "86"]
[WhiteFideId "16248015"]
[BlackFideId "16232151"]
[EventCountry "GER"]
[EventRounds "11"]
[EventType "swiss"]
[EventDate "2018.05.19"]

1. e4 e5 2. Nf3 Nc6 3. Bc4 Nf6 4. Ng5 d5 5. exd5 Na5 6. d3 Nxc4 7. dxc4 h6 8.
Nf3 e4 9. Nd4 Bc5 10. h3 O-O 11. O-O c6 12. Nb3 Bd6 13. Be3 Be5 14. N1d2 cxd5
15. cxd5 Qxd5 16. c3 Bc7 17. Qc2 Qd6 18. f4 exf3 19. Nxf3 b6 20. Rad1 Qe6 21.
Nbd4 Qxe3+ 22. Kh1 Bb7 23. Rde1 Qf4 24. Kg1 Rae8 25. Ne5 Qg5 26. Rf5 Qg3 27.
Ndf3 Re6 28. Re3 Rfe8 29. Qe2 g6 30. Ng5 Qxe3+ 31. Qxe3 gxf5 32. Nxe6 Rxe6 33.
Qxh6 Bxe5 34. Qg5+ Kf8 35. Qxf5 Ke7 36. h4 Be4 37. Qf1 Ng4 38. Qe2 Nh6 39. Kf1
Rf6+ 40. Ke1 Bg3+ 41. Kd1 Rd6+ 42. Kc1 Bf4+ 43. Qe3 Bxe3# 0-1

[Event "DEM U10w 2018"]
[Site "Willingen GER"]
[Date "2018.05.24"]
[Round "8"]
[White "Muhina, Alina"]
[Black "Fischer, Juliane"]
[Result "1-0"]
[Termination "normal"]
[Board "16"]
[WhiteElo "948"]
[BlackElo "929"]
[PlyCount "53"]
[WhiteFideId "16298322"]
[BlackFideId "16290135"]
[EventCountry "GER"]
[EventRounds "11"]
[EventType "swiss"]
[EventDate "2018.05.19"]

1. e4 e5 2. Nf3 Nc6 3. Nc3 Nf6 4. d4 exd4 5. Nxd4 Bb4 6. Qd3 O-O 7. Bd2 d6 8.
O-O-O Bg4 9. f3 Be6 10. Nxe6 fxe6 11. a3 Bc5 12. g4 Nd7 13. Be2 Nd4 14. Rdf1
Nxe2+ 15. Nxe2 Ne5 16. Qb3 Qc8 17. h4 Nxf3 18. Rxf3 b6 19. Rg3 Qd7 20. Qd3 Rf7
21. Nc3 a5 22. h5 Rb8 23. g5 g6 24. hxg6 hxg6 25. Rgh3 Re8 26. Rh8+ Kg7 27.
R1h7# 1-0

[Event "DEM U10w 2018"]
[Site "Willingen GER"]
[Date "2018.05.25"]
[Round "9"]
[White "Englert, Lin"]
[Black "Stepanjan, Marianne"]
[Result "1-0"]
[Termination "normal"]
[Board "1"]
[WhiteElo "1316"]
[BlackElo "1246"]
[WhiteClock "01:02:01"]
[BlackClock "00:44:36"]
[PlyCount "69"]
[WhiteFideId "16226410"]
[BlackFideId "16246110"]
[EventCountry "GER"]
[EventRounds "11"]
[EventType "swiss"]
[EventDate "2018.05.19"]

1. e4 {[%clk 1:15:59]} 1... c5 {[%clk 1:15:54]} 2. Nf3 {[%clk 1:16:23]} 2... d6
{[%clk 1:16:13]} 3. d4 {[%clk 1:16:29]} 3... cxd4 {[%clk 1:16:37]} 4. Nxd4 {
[%clk 1:16:50]} 4... Nc6 {[%clk 1:17:01]} 5. Nc3 {[%clk 1:16:17]} 5... Nf6 {
[%clk 1:17:21]} 6. f3 {[%clk 1:16:37]} 6... e6 {[%clk 1:17:17]} 7. Be3 { [%clk
1:16:19]} 7... Be7 {[%clk 1:17:16]} 8. Bc4 {[%clk 1:15:56]} 8... O-O { [%clk
1:16:34]} 9. Qe2 {[%clk 1:15:49]} 9... a6 {[%clk 1:16:22]} 10. O-O-O { [%clk
1:16:03]} 10... Bd7 {[%clk 1:15:11]} 11. g4 {[%clk 1:15:18]} 11... Ne5 { [%clk
1:10:16]} 12. Bb3 {[%clk 1:14:40]} 12... h6 {[%clk 0:58:14]} 13. h4 { [%clk
1:14:46]} 13... Nh7 {[%clk 0:56:15]} 14. f4 {[%clk 1:12:15]} 14... Nxg4 { [%clk
0:50:51]} 15. Qxg4 {[%clk 1:09:38]} 15... e5 {[%clk 0:51:15]} 16. Qg3 { [%clk
1:09:55]} 16... exd4 {[%clk 0:51:38]} 17. Bxd4 {[%clk 1:10:13]} 17... Bf6
{[%clk 0:48:04]} 18. Bxf6 {[%clk 1:09:55]} 18... Qxf6 {[%clk 0:47:58]} 19. e5 {
[%clk 1:08:59]} 19... Qg6 {[%clk 0:47:59]} 20. Qxg6 {[%clk 1:07:31]} 20... Kh8
{[%clk 0:47:32]} 21. Qxd6 {[%clk 1:08:40]} 21... Bg4 {[%clk 0:47:33]} 22. Rdg1
{[%clk 1:07:44]} 22... Rad8 {[%clk 0:47:45]} 23. Qb4 {[%clk 1:06:12]} 23... Bf3
{[%clk 0:47:43]} 24. Rh3 {[%clk 1:05:53]} 24... Bc6 {[%clk 0:47:39]} 25. Rd3 {
[%clk 1:04:02]} 25... Rc8 {[%clk 0:45:46]} 26. Bd5 {[%clk 1:02:41]} 26... Bb5 {
[%clk 0:45:54]} 27. Nxb5 {[%clk 1:02:57]} 27... axb5 {[%clk 0:46:14]} 28. Qxb5
{[%clk 1:02:45]} 28... Rb8 {[%clk 0:45:54]} 29. Bxb7 {[%clk 1:01:28]} 29...
Rfe8 {[%clk 0:45:53]} 30. Qd5 {[%clk 1:01:12]} 30... Nf8 {[%clk 0:45:31]} 31.
Qxf7 {[%clk 1:01:01]} 31... Ne6 {[%clk 0:45:19]} 32. f5 {[%clk 1:01:03]} 32...
Rxb7 {[%clk 0:44:59]} 33. Qxe8+ {[%clk 1:01:20]} 33... Kh7 {[%clk 0:45:14]} 34.
Qxe6 {[%clk 1:01:39]} 34... Kh8 {[%clk 0:44:36]} 35. Rd8+ {[%clk 1:02:01]} 1-0

[Event "DEM U10w 2018"]
[Site "Willingen GER"]
[Date "2018.05.25"]
[Round "9"]
[White "Bräutigam, Katerina"]
[Black "Trunz, Michelle"]
[Result "0-1"]
[Termination "normal"]
[Board "2"]
[WhiteElo "1728"]
[BlackElo "1312"]
[WhiteClock "00:15:30"]
[BlackClock "00:31:45"]
[PlyCount "71"]
[WhiteFideId "16242980"]
[BlackFideId "16227980"]
[EventCountry "GER"]
[EventRounds "11"]
[EventType "swiss"]
[EventDate "2018.05.19"]

1. c4 {[%clk 1:15:59]} 1... e5 {[%clk 1:15:51]} 2. Nc3 {[%clk 1:16:20]} 2...
Nc6 {[%clk 1:16:08]} 3. g3 {[%clk 1:16:29]} 3... f5 {[%clk 1:16:27]} 4. e3 {
[%clk 1:11:48]} 4... Nf6 {[%clk 1:16:44]} 5. d3 {[%clk 1:11:42]} 5... Bb4 {
[%clk 1:17:02]} 6. Bd2 {[%clk 1:09:59]} 6... d6 {[%clk 1:17:05]} 7. a3 { [%clk
1:09:58]} 7... Bxc3 {[%clk 1:17:25]} 8. Bxc3 {[%clk 1:10:10]} 8... O-O { [%clk
1:17:36]} 9. b4 {[%clk 1:10:17]} 9... Qe8 {[%clk 1:17:23]} 10. Bg2 { [%clk
1:08:38]} 10... Qg6 {[%clk 1:17:08]} 11. Ne2 {[%clk 1:07:15]} 11... Ne7 { [%clk
1:12:32]} 12. a4 {[%clk 1:01:54]} 12... Qh6 {[%clk 1:11:31]} 13. b5 { [%clk
0:59:50]} 13... Ng6 {[%clk 1:11:18]} 14. Bd2 {[%clk 0:55:55]} 14... e4 { [%clk
1:10:12]} 15. Qc2 {[%clk 0:52:08]} 15... exd3 {[%clk 1:08:43]} 16. Qxd3 { [%clk
0:52:08]} 16... Ne5 {[%clk 1:08:43]} 17. Qc2 {[%clk 0:51:16]} 17... Qg6 { [%clk
1:01:40]} 18. a5 {[%clk 0:38:42]} 18... Rb8 {[%clk 1:01:32]} 19. O-O { [%clk
0:34:33]} 19... Qh5 {[%clk 0:59:44]} 20. Nd4 {[%clk 0:33:06]} 20... Nfg4 {[%clk
0:59:05]} 21. h3 {[%clk 0:31:19]} 21... Nf6 {[%clk 0:59:07]} 22. Kh2 { [%clk
0:31:07]} 22... a6 {[%clk 0:56:16]} 23. Rab1 {[%clk 0:28:55]} 23... Bd7 { [%clk
0:54:53]} 24. Rb2 {[%clk 0:24:54]} 24... c5 {[%clk 0:51:01]} 25. bxc6 { [%clk
0:21:51]} 25... Nxc6 {[%clk 0:48:26]} 26. Nf3 {[%clk 0:18:20]} 26... Ne4 {[%clk
0:47:58]} 27. Be1 {[%clk 0:13:33]} 27... g5 {[%clk 0:47:05]} 28. Qb3 { [%clk
0:10:39]} 28... Nc5 {[%clk 0:46:34]} 29. Qd1 {[%clk 0:09:03]} 29... g4 { [%clk
0:45:20]} 30. Nh4 {[%clk 0:08:09]} 30... Ne5 {[%clk 0:42:22]} 31. Bc3 { [%clk
0:04:27]} 31... Na4 {[%clk 0:36:50]} 32. Qxd6 {[%clk 0:01:35]} 32... Nf3+
{[%clk 0:32:26]} 33. Bxf3 {[%clk 0:01:10]} 33... gxf3 {[%clk 0:31:32]} 34. Qxd7
{[%clk 0:00:54]} 34... Nxc3 {[%clk 0:31:48]} 35. Qe6+ {[%clk 0:00:39]} 35...
Qf7 {[%clk 0:31:45]} 36. Qe5 {[%clk 0:15:30]} 0-1